000 00295nam a22001217a 4500
020 _a978-9356348813
082 _a425
_bOSW/E
245 _aCLASS IX, ENGLISH LANGUAGE AND LITERATURE
_bQUESTION BANK
260 _aAGRA
_bOSWALL BOOKS
300 _a239
650 _aQUESTION BANK
_zDELHI
942 _cBK
999 _c6879
_d6879